Hindu manners, customs, and ceremonies
| Main Author: | |
|---|---|
| Contributors: | |
| Format: | Print Book |
| Language: | English |
| Subito Delivery Service: | Order now. |
| Check availability: | HBZ Gateway |
| WorldCat: | WorldCat |
| Interlibrary Loan: | Interlibrary Loan for the Fachinformationsdienste (Specialized Information Services in Germany) |
| Published: |
New Delhi [u.a.]
Asian Educational Services
2001
|
| In: | Year: 2001 |
| Edition: | 7. AES repr. |
| Standardized Subjects / Keyword chains: | B
India
/ Custom
/ History 1792-1823
B India / Social realism / History 1792-1823 |
| Further subjects: | B
India
Social life and customs
B Experience account B Hinduism Customs and practices |
MARC
| LEADER | 00000cam a2200000 c 4500 | ||
|---|---|---|---|
| 001 | 1624467709 | ||
| 003 | DE-627 | ||
| 005 | 20251225202933.0 | ||
| 007 | tu | ||
| 008 | 020423s2001 xx ||||| 00| ||eng c | ||
| 010 | |a 2001052961 | ||
| 020 | |a 8120602382 |9 81-206-0238-2 | ||
| 035 | |a (DE-627)1624467709 | ||
| 035 | |a (DE-576)098434705 | ||
| 035 | |a (DE-599)BSZ098434705 | ||
| 035 | |a (OCoLC)22893477 | ||
| 040 | |a DE-627 |b ger |c DE-627 |e rakwb | ||
| 041 | |a eng | ||
| 050 | 0 | |a BL1226.D83 2002 | |
| 082 | 0 | |a 454 | |
| 084 | |a 0 |2 ssgn | ||
| 100 | 1 | |8 1\p |0 (DE-588)124186084 |0 (DE-627)085693898 |0 (DE-576)215809858 |4 aut |a Dubois, Jean A. |d 1765-1848 | |
| 109 | |a Dubois, Jean A. 1765-1848 |a Dubois, J. A. 1765-1848 |a Dubois, J.-A. 1765-1848 |a Dubois, Jean-Antoine 1765-1848 |a Dubois, Jean Antoine 1765-1848 |a Dubois Abbé 1765-1848 |a Abbé Dubois 1765-1848 |a Dubois, J.A. 1765-1848 | ||
| 240 | 1 | 0 | |a Moeurs, institutions et cérémonies des peuples de l'Inde <engl.> |
| 245 | 1 | 0 | |a Hindu manners, customs, and ceremonies |c J. A. Dubois. Transl. form the author's later French ms. and ed. with notes, corr., and biography by Henry K. Beauchamp |
| 250 | |a 7. AES repr. | ||
| 264 | 1 | |a New Delhi [u.a.] |b Asian Educational Services |c 2001 | |
| 300 | |a XXXIV, 741 S. |b Ill. | ||
| 336 | |a Text |b txt |2 rdacontent | ||
| 337 | |a ohne Hilfsmittel zu benutzen |b n |2 rdamedia | ||
| 338 | |a Band |b nc |2 rdacarrier | ||
| 500 | |a Orig. publ.: Oxford: Clarendon Press, 1906 as 3. ed. - Includes index | ||
| 583 | 1 | |a Archivierung prüfen |c 20200919 |f DE-640 |z 1 |2 pdager | |
| 583 | 1 | |a Archivierung/Langzeitarchivierung gewährleistet |f SSG |x XA-DE-BW |2 pdager |5 DE-21 | |
| 650 | 0 | |a Hinduism |x Customs and practices | |
| 651 | 0 | |a India |x Social life and customs | |
| 655 | 7 | |a Erlebnisbericht |0 (DE-588)4133254-4 |0 (DE-627)105681490 |0 (DE-576)209642378 |2 gnd-content | |
| 689 | 0 | 0 | |d g |0 (DE-588)4026722-2 |0 (DE-627)104585129 |0 (DE-576)208967699 |2 gnd |a Indien |
| 689 | 0 | 1 | |d s |0 (DE-588)4008017-1 |0 (DE-627)106370308 |0 (DE-576)208873813 |2 gnd |a Brauch |
| 689 | 0 | 2 | |q z |2 gnd |a Geschichte 1792-1823 |
| 689 | 0 | |5 (DE-627) | |
| 689 | 1 | 0 | |d g |0 (DE-588)4026722-2 |0 (DE-627)104585129 |0 (DE-576)208967699 |2 gnd |a Indien |
| 689 | 1 | 1 | |d s |0 (DE-588)4220554-2 |0 (DE-627)105016985 |0 (DE-576)210265760 |2 gnd |a Soziale Wirklichkeit |
| 689 | 1 | 2 | |q z |2 gnd |a Geschichte 1792-1823 |
| 689 | 1 | |5 (DE-627) | |
| 700 | 1 | |8 2\p |e Übers. |0 (DE-588)1053049439 |0 (DE-627)789556987 |0 (DE-576)408776102 |4 oth |a Beauchamp, Henry K. |d 1866-1907 | |
| 700 | 1 | 2 | |a Dubois, Jean A. |d 1765-1848 |t Moeurs, institutions et cérémonies des peuples de l'Inde <engl.> |
| 883 | |8 1\p |a cgwrk |d 20241001 |q DE-101 |u https://d-nb.info/provenance/plan#cgwrk | ||
| 883 | |8 2\p |a cgwrk |d 20241001 |q DE-101 |u https://d-nb.info/provenance/plan#cgwrk | ||
| 935 | |a mteo | ||
| 951 | |a BO | ||
| ELC | |b 1 | ||
| ITA | |a 1 |t 1 | ||
| LOK | |0 000 xxxxxcx a22 zn 4500 | ||
| LOK | |0 001 3256608620 | ||
| LOK | |0 003 DE-627 | ||
| LOK | |0 004 1624467709 | ||
| LOK | |0 005 20130326171704 | ||
| LOK | |0 008 020423||||||||||||||||ger||||||| | ||
| LOK | |0 040 |a DE-21 |c DE-627 |d DE-21 | ||
| LOK | |0 852 |a DE-21 | ||
| LOK | |0 852 1 |c 42 A 2189 |9 00 | ||
| LOK | |0 935 |a theo |a sued |a theo | ||
| LOK | |0 936ln |a s4.8 | ||
| LOK | |0 936ln |a t13 | ||
| LOK | |0 939 |a 23-04-02 |b l01 | ||
| ORI | |a SA-MARC-ixtheoa001.raw | ||
| REL | |a 1 | ||
| STA | 0 | 0 | |a Custom,Customs,Traditions,Custom,Folklore,Religious custom,India,India,India,India,India,India,India,India,Southern India,Northeastern India,Northwestern India,Southeastern India,Northern India,Western India,Social realism,Social reality,Social realism in literature |
| STB | 0 | 0 | |a Inde,Réalité sociale,Réalité sociale,Us et coutumes,Us et coutumes |
| STC | 0 | 0 | |a India,Realidad social,Realidad social,Tradiciones y costumbres,Tradiciones y costumbres |
| STD | 0 | 0 | |a India,Realtà sociale,Realtà sociale,Usi e costumi <motivo>,Usi e costumi,Usanza,Usanza,Usanza (motivo),Usanza |
| STE | 0 | 0 | |a 印度,社会现实,社会实体,风俗,传统,习俗 |
| STF | 0 | 0 | |a 印度,社會現實,社會實體,風俗,傳統,習俗 |
| STG | 0 | 0 | |a Realidade social,Realidade social,Tradições e costumes,Tradições e costumes,Índia |
| STH | 0 | 0 | |a Индия (мотив),Народные обычаи (мотив),Народные обычаи,Социальная действительность (мотив),Социальная действительность |
| STI | 0 | 0 | |a Ήθη και έθιμα (μοτίβο),Ήθη και έθιμα,Ινδία (μοτίβο),Κοινωνική πραγματικότητα (μοτίβο),Κοινωνική πραγματικότητα |
| SUB | |a REL | ||
| SYG | 0 | 0 | |a India , Bharat,Indische Union,Altindien,Hindustan,Hindostan,Indien,Indie,Indian Union,Bhārata Gaṇarājya,Bhārata,Indien,Republik Indien,Indien,Dominion of India,India,Republic of India,Inde,Indië,Bharata,Indiia,Indland,Hindiston Respublikasi,Satharanarat 'India,Yin-tu , Brauchtum,Volksbrauch,Bräuche,Volksbrauchtum,Volksbräuche , India , Bharat,Indische Union,Altindien,Hindustan,Hindostan,Indien,Indie,Indian Union,Bhārata Gaṇarājya,Bhārata,Indien,Republik Indien,Indien,Dominion of India,India,Republic of India,Inde,Indië,Bharata,Indiia,Indland,Hindiston Respublikasi,Satharanarat 'India,Yin-tu , Soziale Realität,Gesellschaftliche Wirklichkeit,Gesellschaftliche Realität |
| TIM | |a 100017920101_100018231231 |b Geschichte 1792-1823 | ||



